00000000nam 2200000zi 4500
0019.946648
003CaOODSP
00520250110160832
006m     o  d f      
007cr |n|||||||||
008250108s1938    onca    o    f000 0 eng d
040 |aCaOODSP|beng|erda|cCaOODSP
043 |an-cn-bc
0861 |aA52-204/1938E-PDF
0861 |zA51-147E-PDF
1001 |aNewton, R. G., |eauthor.
24510|aExperimental Station, Windermere, B.C. : |bresults of experiments, 1931 - 1936 / |cR. G. Newton.
264 1|aOttawa : |bMinister of Agriculture, |c1938
300 |a1 online resource (18 pages) : |billustrations
336 |atext|btxt|2rdacontent
337 |acomputer|bc|2rdamedia
338 |aonline resource|bcr|2rdacarrier
500 |aDigitized edition from print [provided by Agriculture and Agri-Food Canada].
61025|aExperimental Station (Windermere, B.C.)
61025|aExperimental Station (Windermere, C.-B.)
650 0|aAgricultural experiment stations|zBritish Columbia|zWindermere.
650 6|aStations agronomiques|zColombie-Britannique|zWindermere.
7102 |aExperimental Station (Windermere, B.C.), |eissuing body.
7102 |aDominion Experimental Farms and Stations (Canada), |eissuing body.
85640|qPDF|s5.34 MB|uhttps://publications.gc.ca/collections/collection_2025/aac-aafc/A51-147-1936-eng.pdf